000 01092pam a2200313 i 4500
999 _c1939
_d1939
001 019723703
003 UkOxU
005 20230220113527.0
008 140321r20141996enkb 000 1 eng d
015 _aGBB433313
_2bnb
020 _a9780007562268 (pbk.) :
035 _a(Uk)016657915
040 _aStDuBDS
_beng
_erda
_cStDuBDS
_dUk
_dKH8
082 0 4 _aFIC HOB
_223
100 1 _aHobb, Robin
_eauthor.
245 1 0 _aRoyal assassin /
_cRobin Hobb.
264 1 _aLondon :
_bHarper Voyager,
_c2014.
300 _a648 pages :
_b1 map ;
_c20 cm.
336 _atext
_2rdacontent
337 _aunmediated
_2rdamedia
338 _avolume
_2rdacarrier
440 _aThe Farseer trilogy ;
_n2
500 _aOriginally published: 1996.
500 _aFormerly CIP.
_5Uk
520 _aIn the fantasy land of the Six Duchies, a king's illegitimate grandson is appointed official royal assassin, his job to protect the throne and its descendants from usurpers. The novel describes his adventures in battle, magic and love.
650 _aAssassins
655 0 _aFantasy fiction.
942 _2ddc
_cFIC